00664nam a2200205Ia 4500008004100000020001500041082001300056100001800069245003900087250000800126260003000134300000900164500002400173650001400197700001100211942000700222952010700229952010700336999001500443230524s9999 xx 000 0 und d a8121902630 a546bPRA aSatya Prakash 0aAdvance In Organic Chemistry Vol-1 a4TH aNEW DELHIbS. Chandc2004 a1157 aQuantity Number: 2 aChemistry a. Atal cBK 00104070aTATCLbTATCLcGENd2023-05-24l0o546 PRAp6102r2023-05-24tVOL-Iw2023-05-24yBKzBS1102 00104070aTATCLbTATCLcGENd2023-05-24l0o546 PRAp6103r2023-05-24tVOL-Iw2023-05-24yBKzBS1102 c1497d1497